000 00702nam a22002177a 4500
003 UA-OsUOA
001 120356
007 ta
008 20161226b un ||||| |||| 00| 0 ukr d
100 _aНечипоренко О.
090 _a330(477)
_bН59
942 _cSA
040 _aUA-OsUOA
_bukr
_cUA-OsUOA
_dUA-OsUOA
245 _aСтан та перспективи адаптації аграрного сенктору економіки України до глобальних змін клімату
300 _aС.10-15
955 _a0
041 _aukr
080 _a330(477)
773 0 _w120355
_tЕкономіст
_dК.
_d2016
_g11
650 7 _a330 Економіка взагалі
_2UDC
999 _c406696
_d406696